<?xml version='1.0' encoding='UTF-8'?>
  <record xmlns="http://www.loc.gov/MARC21/slim">
    <leader>00000cam a22000007i 4500</leader>
    <controlfield tag="001">ocn457050884</controlfield>
    <controlfield tag="003">OCoLC</controlfield>
    <controlfield tag="005">20250319180448.9</controlfield>
    <controlfield tag="008">970701s1884    ne            000 0 dut d</controlfield>
    <datafield tag="040" ind1=" " ind2=" ">
      <subfield code="a">BDF</subfield>
      <subfield code="b">fre</subfield>
      <subfield code="e">ncafnor</subfield>
      <subfield code="c">BDF</subfield>
      <subfield code="d">OCLCQ</subfield>
    </datafield>
    <datafield tag="016" ind1="7" ind2=" ">
      <subfield code="a">FRBNF300926350000003</subfield>
      <subfield code="2">FrPBN</subfield>
    </datafield>
    <datafield tag="029" ind1="0" ind2=" ">
      <subfield code="a">BDF</subfield>
      <subfield code="b">FRBNF300926350000003</subfield>
    </datafield>
    <datafield tag="029" ind1="1" ind2=" ">
      <subfield code="a">ZWZ</subfield>
      <subfield code="b">12539764X</subfield>
    </datafield>
    <datafield tag="035" ind1=" " ind2=" ">
      <subfield code="a">(OCoLC)457050884</subfield>
    </datafield>
    <datafield tag="100" ind1="1" ind2=" ">
      <subfield code="a">Berns, Johan Leonard.</subfield>
      <subfield code="4">aut</subfield>
      <subfield code="0">(FrPBN)10520262</subfield>
    </datafield>
    <datafield tag="245" ind1="1" ind2="4">
      <subfield code="a">Het Landrecht van Veluweene Veluwezoom van 1593. Op nieuw uitgegeven en van aanteekeningen voorzien. Academisch proefschrift ... door Johan Leonard Berns ...</subfield>
    </datafield>
    <datafield tag="260" ind1=" " ind2=" ">
      <subfield code="a">Arnhem :</subfield>
      <subfield code="b">P. Gouda Quint,</subfield>
      <subfield code="c">1884.</subfield>
    </datafield>
    <datafield tag="300" ind1=" " ind2=" ">
      <subfield code="a">XVI-147 p. ;</subfield>
      <subfield code="c">In-8°</subfield>
    </datafield>
    <datafield tag="336" ind1=" " ind2=" ">
      <subfield code="a">texte</subfield>
      <subfield code="b">txt</subfield>
      <subfield code="2">rdacontent/fre</subfield>
    </datafield>
    <datafield tag="337" ind1=" " ind2=" ">
      <subfield code="a">sans médiation</subfield>
      <subfield code="b">n</subfield>
      <subfield code="2">rdamedia/fre</subfield>
    </datafield>
    <datafield tag="338" ind1=" " ind2=" ">
      <subfield code="a">volume</subfield>
      <subfield code="b">nc</subfield>
      <subfield code="2">rdacarrier/fre</subfield>
    </datafield>
    <datafield tag="500" ind1=" " ind2=" ">
      <subfield code="a">[Le droit coutumier de la Veluwe de 1593. Nouvelle édition accompagnée de remarques.].</subfield>
    </datafield>
    <datafield tag="856" ind1="4" ind2="2">
      <subfield code="3">Notice et cote du catalogue de la Bibliothèque nationale de France</subfield>
      <subfield code="u">http://catalogue.bnf.fr/ark:/12148/cb300926351</subfield>
    </datafield>
    <datafield tag="886" ind1="1" ind2=" ">
      <subfield code="2">intermrc</subfield>
      <subfield code="a">009</subfield>
      <subfield code="b">a------------------</subfield>
    </datafield>
    <datafield tag="886" ind1="2" ind2=" ">
      <subfield code="2">intermrc</subfield>
      <subfield code="a">917</subfield>
      <subfield code="b">--</subfield>
      <subfield code="o">CRI</subfield>
      <subfield code="a">CG001109210802P</subfield>
    </datafield>
    <datafield tag="936" ind1=" " ind2=" ">
      <subfield code="a">BATCHLOAD</subfield>
    </datafield>
  </record>